Η Κύπρος σήμερα μετά το σχέδιο Αννάν : απόψεις, κρίσεις, προοπτικές και συναφή ζητήματα : ημερίδα
Αποθηκεύτηκε σε:
| Συλλογικό Έργο: | , |
|---|---|
| Μορφή: | Βιβλίο |
| Γλώσσα: | Greek |
| Δημοσίευση: |
Αθήνα :
Σάκκουλας, Αντ. Ν.,
2007
|
| Σειρά: | Publications de la fondation ;
; 3 |
| Θέματα: | |
| Ετικέτες: |
Προσθήκη ετικέτας
Δεν υπάρχουν, Καταχωρήστε ετικέτα πρώτοι!
|
MARC
| LEADER | 00000cam a2200000 i 4500 | ||
|---|---|---|---|
| 001 | 1/86572 | ||
| 008 | 080527s2007 gre d | ||
| 020 | |a 978-960-15-1890-9 | ||
| 035 | |l 10097683 | ||
| 040 | |a GR-MY-UA |b gre |e aacr | ||
| 041 | 0 | |a gre | |
| 082 | 0 | |a 956.9304 |2 (22) | |
| 245 | 1 | 2 | |a Η Κύπρος σήμερα μετά το σχέδιο Αννάν : |b απόψεις, κρίσεις, προοπτικές και συναφή ζητήματα : ημερίδα / |c Ίδρυμα Διεθνών Νομικών Μελετών καθηγητού Ηλία Κρίσπη & Δρ. Α. Σαμαρά-Κρίσπη ; Ελληνικό Υπουργείο Εξωτερικών |
| 260 | |a Αθήνα : |b Σάκκουλας, Αντ. Ν., |c 2007 | ||
| 300 | |a 175 σ.; |b εικ.; |c 24 εκ. | ||
| 490 | 1 | |a Publications de la fondation |v ; 3 | |
| 500 | |a Ημερίδα που έγινε στην Αθήνα στο Υπουργείο Εξωτερικών 3 Ιουνίου 2004 | ||
| 504 | |a Περιέχει βιβλιογραφικές παραπομπές | ||
| 600 | 1 | 0 | |a Annan, Kofi A. |q (Kofi Atta). |
| 610 | 2 | 0 | |a United Nations |z Cyprus. |
| 651 | 0 | |a Cyprus |x History |y Cyprus Crisis, 1974- | |
| 710 | 2 | |a Ίδρυμα Διεθνών Νομικών Μελετών. | |
| 710 | 2 | |a Υπουργείο Εξωτερικών. | |
| 830 | 0 | |a Publications de la fondation ; |v ; 3 | |
| 852 | |a INST |b LESVOS |e 20080527 |h 956.9304 ΚΥΠ |p 005100041545 |q 005100041545 |t BK |y 0 | ||
| 901 | |a BIBL1-2008-2 | ||
| 909 | |a Λ |b 142176 | ||
| 922 | |a 1ΕΛΗ |b 200711 |c ΕΠΕΑΕΚ2/ΤΚ |d Σ. ΠΑΤΑΚΗΣ | ||
| 970 | |a ΚΑΡΑ |b ΓΙΑΣΕΜΗ |z 2008/05/27 | ||